KOHA-Header-6

برازیل جانئے, پہچانئے (Record no. 13578)

000 -LEADER
fixed length control field 00437nam a22001337a 4500
020 ## - INTERNATIONAL STANDARD BOOK NUMBER
ISBN 9789699684036
082 ## - DEWEY DECIMAL CLASSIFICATION NUMBER
Classification number 891.439
100 ## - MAIN ENTRY--AUTHOR NAME
Personal name محمد آصف نور, فرحت آصف
245 ## - TITLE STATEMENT
Title برازیل جانئے, پہچانئے
260 ## - PUBLICATION, DISTRIBUTION, ETC. (IMPRINT)
Place of publication اسلام آباد
Name of publisher برازیل ایمبیسی
Year of publication 2012
300 ## - PHYSICAL DESCRIPTION
Number of Pages vi, 182 صفحات
650 ## - SUBJECT ADDED ENTRY--TOPICAL TERM
Topical Term Travelogue-Brazil (سفرنامہ-برازیل) | سفرنامہ | Travel
942 ## - ADDED ENTRY ELEMENTS (KOHA)
Koha item type Books
Holdings
Withdrawn status Lost status Collection code Permanent Location Current Location Shelving location Date acquired Full call number Accession Number Koha item type
    Urdu Literature MAJU MAJU Shelf No.A11 2022-12-16 891.439 10689 Books

Powered by Koha